000 00757nab a2200241u 4500
001 23105
003 HDC
007 c| |||a|c|aaaa
008 210315b20171219my ||||| |||| 00| 0 may d
040 _aHDC
100 _aAyusliza Azizan /
_eAuthor
_916233
245 0 _aProduk global /
_cAyusliza Azizan
336 _atext
_2rdacontent
337 _acomputer
_2rdamedia
338 _aonline resource
_2rdacarrier
650 _aglobal products
_919853
650 _aPJJ Manufacturing
_919852
710 _aHARIAN METRO
856 _zRequest full-text at [email protected]
942 _2lcc
942 _cNEWS
942 _kNWSC 005084
999 _c20421
_d20421